[Event "World Junior U20 Open 2018"]
[Site "Gebze"]
[Date "2018.09.07"]
[Round "4.72"]
[White "Zarubitski, Viachaslau"]
[Black "Tasdogen, Dincer"]
[Result "1-0"]
[WhiteElo "2425"]
[BlackElo "2329"]
[Annotator "TA"]
[PlyCount "129"]
[EventDate "2018.09.05"]
[EventType "swiss"]
[EventCountry "TUR"]
[SourceTitle "playchess.com"]
[Source "ChessBase"]
[SourceQuality "1"]

{[%evp 20,129,74,71,68,67,72,25,17,21,29,13,18,-8,7,0,0,-5,-4,0,0,0,0,0,16,14,20,0,4,0,0,-8,-3,-19,-19,-18,-20,-28,0,0,0,0,0,0,0,0,119,111,150,147,155,149,140,129,297,105,346,336,281,67,106,8,141,150,240,235,370,308,242,254,662,623,715,709,649,647,685,533,482,435,311,254,178,178,633,635,568,599,1048,881,810,756,1147,1216,1738,1775,2837,2681,2605,1931,2250,1877,29978,29979,29985,29986,29985,29986,29986,29985,29989,29989]} 1. e4 c5 2. Nf3 Nc6 3. Bb5 e6 4. O-O Nge7 {[%cal Bg8e7,Be7c6,Bc6b4][%mdl 32]} 5. d4 cxd4 6. Nxd4 a6 {B30: Sizilianisch (Rossolimo-Variante)} 7. Be2 Nxd4 8. Qxd4 Nc6 9. Qc3 Qf6 10. Qxf6 gxf6 11. Be3 {LiveBook: 5 Partien} d5 12. exd5 Nb4 13. Na3 {dxe6 ist eine echte Drohung.} Nxd5 14. Bd2 Bd7 $146 15. c4 Nb4 16. Bc3 Be7 17. Bf3 Bc6 18. Bxc6+ Nxc6 19. Nc2 O-O-O 20. Rfd1 Rxd1+ 21. Rxd1 Rd8 22. Rxd8+ Kxd8 $11 {[%mdl 4096] Endspiel KLS-KLS} 23. g4 Ne5 24. Bxe5 fxe5 {KL-KS} 25. Kg2 Kd7 26. Kf3 f5 {[%cal Bf7f5,Bf5f4][%mdl 32]} 27. Ne3 e4+ 28. Ke2 f4 29. Nd1 Bf6 30. f3 e3 31. Kd3 $1 Kd6 32. Nc3 Ke5 (32... Be7 $11 {bleibt in der Remisbreite.}) 33. c5 $1 $16 Be7 34. b4 $1 a5 35. a3 axb4 36. axb4 Bd8 $2 (36... h6 $16 37. Ne2 Bd8) 37. Kc4 $2 (37. Ne4 $18 {ist viel giftiger.}) 37... Be7 $2 (37... b6 $16 {ist wohl besser.}) 38. Ne2 $18 Bd8 39. Nc1 $2 ({Weiss kommt nicht vorbei an} 39. b5 $1 $18) 39... Kf6 40. Kd4 ({Lieber} 40. b5 $16) 40... Bc7 (40... e5+ $1 $11 41. Kd5 b6) 41. h4 $1 $16 Be5+ (41... b6 $16 {war einen Versuch wert.}) 42. Kc4 $1 $18 Bb8 (42... Kf7 $142 43. Ne2 Ke7) 43. Ne2 Bc7 44. b5 {[%cal Bb4b5,Bb5b6][%mdl 32]} Bb8 $2 (44... e5) 45. b6 Ke7 46. Kd4 Kf6 47. Ke4 Kg6 48. Ng1 Kf6 49. Kd4 Be5+ 50. Kc4 Bb8 51. Kb5 e5 $2 {[#]} (51... Kf7 52. c6 bxc6+ 53. Kxc6 Kf6) 52. Kc4 $1 {[%cal Rc4d3]} Ke6 {[#]} 53. h5 $1 Kf6 54. Kd5 Kg5 55. Ke4 Kh4 56. Ne2 Kg5 57. Nc3 Kh4 58. Kd3 Kg5 59. Ne4+ Kh6 60. Nf6 Kg7 61. Nd7 {Weiß setzt Matt.} Kh6 62. Nxb8 Kg5 63. Nd7 e4+ 64. Ke2 Kh4 65. Ne5 {Precision: Weiß = 65%, Schwarz = 32%.} 1-0

[Event "World Junior U20 Open 2018"]
[Site "Gebze"]
[Date "2018.09.07"]
[Round "4.73"]
[White "Tuna, Alp"]
[Black "Huber, Martin Christian"]
[Result "0-1"]
[WhiteElo "2253"]
[BlackElo "2390"]
[Annotator "NA"]
[PlyCount "84"]
[EventDate "2018.09.05"]
[EventType "swiss"]
[EventCountry "TUR"]
[SourceTitle "playchess.com"]
[Source "ChessBase"]
[SourceQuality "1"]
[TimeControl "40/5400+30:1800+30"]

1. e4 {[%emt 0:00:30]} c5 {[%emt 0:00:30]} 2. Nf3 {[%emt 0:00:30]} e6 {[%emt 0:00:30]} 3. g3 {[%emt 0:00:00]} Nc6 {[%emt 0:01:00]} 4. Bg2 {[%emt 0:00:00]} Nf6 {[%emt 0:00:30]} 5. d3 {[%emt 0:00:30]} d5 {[%emt 0:04:00]} 6. Nbd2 {[%emt 0:00:30]} Be7 {[%emt 0:04:30]} 7. O-O {[%emt 0:00:00]} O-O {[%emt 0:00:30]} 8. Re1 {[%emt 0:01:30]} Re8 {[%emt 0:04:00]} 9. e5 {[%emt 0:05:30]} Nd7 {[%emt 0:00:30]} 10. Nf1 {[%emt 0:01:30]} b5 {[%emt 0:02:30]} 11. h4 {[%emt 0:00:30] C00: French: Unusual White 2nd moves} a5 {[%emt 0:00:30]} 12. N1h2 {[%emt 0:02:30]} b4 {[%emt 0:00:30]} 13. h5 {[%emt 0:09:30]} a4 {[%emt 0:03:30]} (13... h6 14. Ng4 Bf8 15. Bf4 a4 16. a3 bxa3 17. bxa3 Rb8 18. Ne3 Bb7 19. c4 dxc4 20. Nxc4 {1-0 (58) Svidler,P (2727)-Karjakin,S (2762) Baku 2015}) 14. Ng4 {[%emt 0:01:30]} Ba6 {[%emt 0:03:30]} 15. Bf4 {[%emt 0:07:30]} Nd4 $146 {[%emt 0:03:30]} ({Predecessor:} 15... Na7 16. h6 g6 17. Qc1 Rc8 18. Bg5 Nb5 19. Qf4 a3 20. b3 {½-½ (47) Demian,V-Troianescu,O Bucharest 1967}) 16. Nxd4 {[%emt 0:04:30]} cxd4 {[%emt 0:01:30]} 17. b3 {[%emt 0:35:30]} Bb5 {[%emt 0:32:30]} 18. Qd2 {[%emt 0:14:30]} Rc8 {[%emt 0:08:30]} 19. Bf3 {[%emt 0:05:30]} Rc3 {[%emt 0:18:30]} 20. Kg2 {[%emt 0:03:30]} Qc8 {[%emt 0:02:30]} 21. Bd1 {[%emt 0:10:30]} Qc5 {[%emt 0:05:30]} 22. Bg5 {[%emt 0:04:30]} Bf8 {[%emt 0:01:30]} 23. Rh1 {[%emt 0:07:53]} Ra8 {[%emt 0:04:30]} 24. Rb1 {[%emt 0:03:24]} axb3 {[%emt 0:02:30]} 25. axb3 {[%emt 0:00:05]} Ra2 {[%emt 0:00:30]} 26. Qf4 {[%emt 0:00:37]} Rcxc2 {[%emt 0:16:52]} 27. Bxc2 {[%emt 0:00:07]} Rxc2 {[%emt 0:00:09]} 28. Rbd1 {[%emt 0:10:24]} Rc3 {[%emt 0:01:46]} 29. Rh4 {[%emt 0:01:48]} Bxd3 {[%emt 0:01:44]} 30. Nh6+ {[%emt 0:05:17]} gxh6 {[%emt 0:00:31]} 31. Rxd3 {[%emt 0:00:25]} f5 {[%emt 0:06:18]} 32. exf6 {[%emt 0:01:27]} Kf7 {[%emt 0:01:20]} 33. Rxd4 {[%emt 0:00:30]} Bd6 {[%emt 0:00:47]} 34. Qd2 {[%emt 0:00:30]} hxg5 {[%emt 0:00:52]} 35. Qxg5 {[%emt 0:00:42]} Nxf6 {[%emt 0:00:00]} 36. h6 {[%emt 0:00:00]} Be7 $16 {[%emt 0:00:44]} (36... e5 $19 37. Rd1 Ke6) 37. Rxb4 {[%emt 0:00:39]} Ke8 $2 {[%emt 0:00:22]} (37... Qc6 $11 {and Black is okay.} 38. Rbd4 Qd6) 38. Qe5 {[%emt 0:00:37]} Qc6 {[%emt 0:00:31]} 39. Rb8+ {[%emt 0:00:20]} Kd7 {[%emt 0:00:13]} 40. Ra4 {[%emt 0:00:00]} d4+ {[%emt 0:00:00]} 41. Kf1 {[%emt 0:02:45]} Qh1+ {[%emt 0:01:51]} 42. Ke2 {[%emt 0:00:30]} Rc2+ {[%emt 0:03:30]} 0-1

[Event "World Junior U20 Open 2018"]
[Site "Gebze"]
[Date "2018.09.07"]
[Round "4.74"]
[White "Maltezeanu, Stefan"]
[Black "Murphy, Conor E"]
[Result "0-1"]
[WhiteElo "2089"]
[BlackElo "2357"]
[Annotator "TA"]
[PlyCount "209"]
[EventDate "2018.09.05"]
[EventType "swiss"]
[EventCountry "TUR"]
[SourceTitle "playchess.com"]
[Source "ChessBase"]
[SourceQuality "1"]

{[%evp 35,209,27,27,24,20,21,35,0,0,-14,-6,-7,41,-4,-4,-22,0,-3,-7,-20,-4,0,0,-32,-15,-33,0,-27,-26,-25,26,27,28,22,25,0,0,0,0,-21,-22,-33,-31,-149,-132,-363,0,0,0,0,0,-71,-65,-83,-83,-260,-254,-222,-83,-83,-83,-83,-83,-83,-83,-83,-83,-157,0,0,0,0,0,0,0,-162,-162,-160,-124,-107,-95,-152,-50,-50,-51,-51,0,0,0,0,0,0,0,0,0,0,0,0,0,0,0,0,0,0,0,0,0,0,0,0,0,0,0,0,0,0,0,0,0,0,0,0,0,0,0,0,0,0,0,0,0,0,0,0,0,0,0,0,0,0,0,0,0,-137,-103,-130,-105,-284,-274,-534,-520,-469,-460,-784,-740,-4160,-806,-29976,-29977,-4153,-4129,-29987,-29984,-29984,-29985,-29985,-29986,-29986,-29987,-29987,-29986,-29986,-29987,-29987,-29988,-29988]} 1. e4 e5 2. Nf3 Nc6 3. Bb5 a6 4. Ba4 Nf6 5. O-O Be7 6. Re1 b5 7. Bb3 d6 8. c3 O-O 9. h3 Nb8 10. d4 Nbd7 11. Nbd2 Bb7 12. Bc2 Re8 13. Nf1 Bf8 14. Ng3 g6 15. a4 c5 16. d5 c4 17. Be3 Nc5 {C95: Closed Ruy Lopez: Breyer Variation with 10 d4} (17... Qc7 18. Qe2 Nc5 19. Nd2 h5 20. Rec1 Bg7 21. Ngf1 Reb8 22. Ra2 Nfd7 23. Rca1 Nb6 24. g4 hxg4 25. hxg4 Nbxa4 {0-1 (50) Duda,J (2599)-Adams,M (2758) Germany 2015}) 18. Bxc5 dxc5 {LiveBook: 3 Games} 19. Qd2 {[#]} Re7 $146 {White has an edge.} ({Predecessor:} 19... Nd7 20. Nh2 Nb6 21. Ng4 Bg7 22. Qe3 Nd7 23. Nh6+ Kf8 24. axb5 axb5 25. Rxa8 Bxa8 {½-½ (68) Brouwer,D (2241)-Van den Doel,E (2573) Amsterdam 2017}) 20. Qg5 Bg7 21. Nh4 (21. Nxe5 $2 Rxe5 $1 {[%mdl 512]} 22. Qd2 (22. Qxe5 $2 Nh5 $19) 22... Re8 $19) 21... Ne8 22. axb5 Bf6 23. Qh6 Rc7 (23... Rd7 $5 24. Nf3 $8 (24. bxa6 $2 Bg5 $19) 24... axb5 $11) 24. Nf3 (24. b6 $5 {[%cal Rb6c7]} Bg5 25. bxc7 Nxc7 26. Qxg5 Qxg5 27. Nf3 $14) 24... Bg7 25. Qg5 {Qxd8 is the strong threat.} Bf6 26. Qh6 axb5 27. Nf1 Rcc8 (27... Bg7 {is interesting.} 28. Qe3 Nd6 29. h4 h5 30. Qg5 Qe8) 28. Qe3 Qc7 29. N1h2 Bg7 30. Red1 Rcb8 31. Ng4 f6 32. Nh6+ Bxh6 (32... Kh8 $142) 33. Qxh6 $11 Bc8 34. g4 Nd6 35. g5 Qg7 {White must now prevent ...Qxh6.} 36. Qxg7+ Kxg7 37. gxf6+ Kxf6 {And now ...b4 would win.} 38. Kg2 b4 {Strongly threatening ...b3.} 39. Rxa8 (39. Rg1 $15) 39... Rxa8 $17 40. Kg3 $2 (40. cxb4 $17 cxb4 41. Bb1) 40... b3 $2 ({Black should try} 40... Ra2 $19 41. Nxe5 Rxb2) 41. Bb1 $11 g5 42. h4 g4 43. Nd2 (43. Nh2 $1 $11) 43... Bd7 $36 {[%mdl 2048] Black has some pressure.} 44. f4 gxf3 $1 45. Rf1 $2 (45. Nxf3 $17 Rg8+ 46. Kf2) 45... Rg8+ $19 46. Kxf3 Ke7 (46... Bh3 $19 47. Rf2 Rg1) 47. Rh1 $17 Bg4+ 48. Kf2 Bh5 49. Rh2 Rg4 50. Rh1 Rf4+ 51. Ke3 (51. Kg3 $142) 51... Kf7 $2 (51... Ke8 $1 $17 52. Rh2 Ke7) 52. Rf1 $11 Rxf1 53. Nxf1 {[%mdl 4096] Endgame KBN-KBN} Kg6 54. Kf2 Bg4 55. Ng3 $2 (55. Ne3 $11 {and White has nothing to worry.} h5 56. Ng2 (56. Nxg4 $2 hxg4 57. Ke3 Kh5 $19)) 55... Bd7 $1 $19 56. Ke3 Kf6 57. Kf2 Nc8 $1 58. Nf1 {[#]} (58. Ke2 $142) 58... Nb6 $1 $17 59. Ne3 Ke7 60. Ke2 Bb5 ({Black should play} 60... Kf8 $15) 61. Kd2 $11 Na4 62. Kc1 Nb6 63. Ng4 Nd7 64. Kd2 Ba6 65. Ke3 Kf7 66. Kf3 Ke7 67. Ke3 h5 68. Nh6 Nf6 69. Nf5+ Kd7 70. Kf3 Ne8 71. Ke3 Bc8 72. Kf3 Kd8 73. Ne3 Nd6 74. Kg3 Ke7 75. Kf3 Kf6 76. Kg3 Bd7 77. Kf3 Be8 78. Nf1 Bb5 79. Ke3 Bd7 80. Kf2 Bg4 81. Ne3 Kg6 82. Nf1 (82. Nxg4 hxg4 83. Ke3 Kh5 $19) 82... Nc8 83. Ke1 Nb6 84. Kd2 Kf6 85. Ne3 Bf3 86. Nf5 Na4 87. Kc1 $1 Be2 88. Nd6 {Hoping for Kd2.} Nb6 89. Kd2 (89. Nf5 $1 $11) 89... Bg4 $17 90. Nb7 Ke7 91. Nxc5 $2 {[#]} (91. d6+ $17 {was forced.} Kd7 92. Nxc5+ Kxd6 93. Na6) 91... Bc8 $1 $19 92. Nd3 $2 (92. Bd3 {was the only defense.} cxd3 93. Kxd3) 92... cxd3 93. Bxd3 Bg4 94. c4 (94. Bb5 $142 Kd6 95. Bd3) 94... Na4 95. Bf1 Kd6 96. Kd3 Kc5 97. Kd2 Kd4 98. Be2 Bxe2 {Black mates.} 99. Kxe2 Kxe4 {KN-KP} 100. d6 Nc5 101. Kd2 Kd4 102. Ke2 Kxc4 103. Ke3 Kd5 104. d7 Nxd7 105. Kd3 {Precision: White = 45%, Black = 74%.} 0-1

[Event "World Junior U20 Open 2018"]
[Site "Gebze"]
[Date "2018.09.07"]
[Round "4.75"]
[White "Bashirli, Nail"]
[Black "Kwon, Sehyun"]
[Result "1-0"]
[WhiteElo "2354"]
[BlackElo "2129"]
[Annotator "NA"]
[PlyCount "87"]
[EventDate "2018.09.05"]
[EventType "swiss"]
[EventCountry "TUR"]
[SourceTitle "playchess.com"]
[Source "ChessBase"]
[SourceQuality "1"]
[TimeControl "40/5400+30:1800+30"]

1. e4 c5 2. Nf3 g6 3. Bc4 Bg7 4. O-O Nc6 5. c3 e6 6. d4 cxd4 7. Nxd4 a6 8. Re1 Nge7 9. Nxc6 dxc6 10. Qxd8+ Kxd8 11. a4 b6 {[%emt 0:39:30]} 12. Bf4 {[%emt 0:28:00]} c5 {[%emt 0:00:30]} 13. Nd2 {[%emt 0:03:30]} Ra7 {[%emt 0:12:30]} 14. Nf3 {[%emt 0:03:30]} Nc6 {[%emt 0:04:30]} 15. Red1+ {[%emt 0:06:30]} Bd7 {[%emt 0:04:30]} 16. Bd6 {[%emt 0:07:30]} Ke8 {[%emt 0:03:30]} 17. Rd2 {[%emt 0:18:30]} Na5 {[%emt 0:02:30]} 18. Ba2 {[%emt 0:00:30]} Bxa4 {[%emt 0:05:30]} 19. Bxe6 {[%emt 0:00:30]} Nb3 {[%emt 0:02:30]} 20. Bxb3 {[%emt 0:02:30]} Bxb3 {[%emt 0:00:30]} 21. Ne5 {[%emt 0:00:30]} Bh6 {[%emt 0:04:42]} 22. Rd3 {[%emt 0:01:30]} Bc2 {[%emt 0:01:15]} 23. Rh3 {[%emt 0:02:30]} Bg7 {[%emt 0:06:02]} 24. Rc1 {[%emt 0:07:53]} Ba4 {[%emt 0:07:24]} 25. Nc4 {[%emt 0:00:04]} Bd7 {[%emt 0:01:56]} 26. Rg3 {[%emt 0:02:00]} Be6 {[%emt 0:05:30]} 27. Nxb6 {[%emt 0:00:05]} c4 {[%emt 0:00:00]} 28. Bc5 {[%emt 0:01:44]} Be5 {[%emt 0:00:31]} 29. Rf3 {[%emt 0:05:26]} Bg4 {[%emt 0:00:38]} 30. Nxc4 {[%emt 0:00:30]} Bxf3 {[%emt 0:00:31]} 31. Bxa7 {[%emt 0:02:05]} Bf4 {[%emt 0:00:08]} 32. Ra1 {[%emt 0:01:01]} Be2 {[%emt 0:00:10]} 33. Bd4 {[%emt 0:00:00]} Rg8 {[%emt 0:00:10]} 34. Rxa6 {[%emt 0:00:00]} Kd7 {[%emt 0:00:38]} 35. Ra7+ {[%emt 0:00:50]} Ke6 {[%emt 0:00:47]} 36. Nb6 {[%emt 0:00:02]} h5 {[%emt 0:01:06]} 37. Nd5 {[%emt 0:02:07]} Bd6 {[%emt 0:00:06]} 38. b4 {[%emt 0:00:00]} f5 {[%emt 0:00:26]} 39. Nf6 {[%emt 0:00:07]} Rc8 {[%emt 0:00:20]} 40. f3 {[%emt 0:00:00]} Bb8 {[%emt 0:00:00]} 41. Ra5 {[%emt 0:02:06]} h4 {[%emt 0:03:10]} 42. Kf2 {[%emt 0:00:30]} Bd3 {[%emt 0:00:30]} 43. Ke3 {[%emt 0:00:30]} Bc4 {[%emt 0:00:30]} 44. e5 {[%emt 0:00:30]} 1-0

[Event "World Junior U20 Open 2018"]
[Site "Gebze"]
[Date "2018.09.07"]
[Round "4.76"]
[White "Pigeat, Alexandre"]
[Black "Noboa, Kevin"]
[Result "1-0"]
[WhiteElo "2347"]
[BlackElo "2256"]
[Annotator "NA"]
[PlyCount "97"]
[EventDate "2018.09.05"]
[EventType "swiss"]
[EventCountry "TUR"]
[SourceTitle "playchess.com"]
[Source "ChessBase"]
[SourceQuality "1"]
[TimeControl "40/5400+30:1800+30"]

1. d4 e6 2. c4 Bb4+ 3. Nc3 c5 4. a3 Bxc3+ 5. bxc3 d6 6. e3 Nc6 7. Bd3 Nf6 8. Ne2 O-O 9. Qc2 e5 10. O-O Re8 11. f3 b6 12. e4 h6 13. Be3 Na5 14. Ng3 cxd4 15. cxd4 Be6 16. d5 Bd7 17. h3 Rc8 18. Qe2 {[%emt 0:28:00]} Nb3 {[%emt 0:39:00]} 19. Rab1 {[%emt 0:00:30]} Nc5 {[%emt 0:00:30]} 20. f4 {[%emt 0:00:30]} exf4 {[%emt 0:00:30]} 21. Bxf4 {[%emt 0:00:30]} b5 {[%emt 0:11:30]} 22. Bc2 {[%emt 0:05:30]} bxc4 {[%emt 0:02:30]} 23. Qf3 {[%emt 0:03:30]} Nh7 {[%emt 0:10:30]} 24. Nh5 {[%emt 0:07:30]} Kh8 {[%emt 0:17:30]} 25. Bxd6 {[%emt 0:15:30]} Ng5 {[%emt 0:05:12]} 26. Qc3 {[%emt 0:00:30]} Rg8 {[%emt 0:03:49]} 27. Be5 {[%emt 0:04:30]} Qf8 {[%emt 0:01:02]} 28. Rbe1 {[%emt 0:07:30]} Nd3 {[%emt 0:01:21]} 29. Bxd3 {[%emt 0:02:30]} cxd3 {[%emt 0:00:30]} 30. Qxd3 {[%emt 0:00:30]} Qc5+ {[%emt 0:01:16]} 31. Bd4 {[%emt 0:00:30]} Bb5 {[%emt 0:01:05]} 32. Qe3 {[%emt 0:00:30]} Qd6 {[%emt 0:02:18]} 33. h4 {[%emt 0:07:30]} Qg6 {[%emt 0:03:40]} 34. Rf5 {[%emt 0:04:34]} Qxh5 {[%emt 0:01:35]} 35. hxg5 {[%emt 0:00:09]} Bd7 {[%emt 0:00:34]} 36. Re5 {[%emt 0:03:02]} Kh7 {[%emt 0:01:06]} 37. gxh6 {[%emt 0:00:43]} Qxh6 {[%emt 0:00:13]} 38. Qf3 {[%emt 0:00:45]} Rc1 {[%emt 0:01:03]} 39. Rh5 {[%emt 0:01:21]} Rxe1+ {[%emt 0:00:13]} 40. Kf2 {[%emt 0:00:00]} Rh1 {[%emt 0:00:00]} 41. Rxh6+ {[%emt 0:01:26]} Rxh6 {[%emt 0:01:33]} 42. Qxf7 {[%emt 0:00:30]} Be8 {[%emt 0:00:30]} 43. Qe7 {[%emt 0:00:30]} Kg6 {[%emt 0:00:30]} 44. d6 {[%emt 0:00:30]} Bf7 {[%emt 0:00:30]} 45. d7 {[%emt 0:00:30]} Rhh8 {[%emt 0:00:30]} 46. Qd6+ {[%emt 0:01:30]} Kh7 {[%emt 0:06:30]} 47. Qh2+ {[%emt 0:00:30]} Kg6 {[%emt 0:00:00]} 48. Qg3+ {[%emt 0:00:00]} Kh5 {[%emt 0:01:00]} 49. Be3 {[%emt 0:00:00]} 1-0

[Event "World Junior U20 Open 2018"]
[Site "Gebze"]
[Date "2018.09.07"]
[Round "4.77"]
[White "Hollan, Martin"]
[Black "Dionizio, Andre Filipe Nascim"]
[Result "1-0"]
[WhiteElo "2336"]
[BlackElo "2010"]
[Annotator "NA"]
[PlyCount "77"]
[EventDate "2018.09.05"]
[EventType "swiss"]
[EventCountry "TUR"]
[SourceTitle "playchess.com"]
[Source "ChessBase"]
[SourceQuality "1"]
[TimeControl "40/5400+30:1800+30"]

1. d4 {[%emt 0:00:30]} d5 {[%emt 0:00:30]} 2. c4 {[%emt 0:00:30]} e6 {[%emt 0:00:00]} 3. Nc3 {[%emt 0:00:30]} Nf6 {[%emt 0:00:00]} 4. Bg5 {[%emt 0:00:30]} Be7 {[%emt 0:00:30]} 5. e3 {[%emt 0:00:30]} a6 {[%emt 0:00:30]} 6. cxd5 {[%emt 0:00:00] D53: Queen's Gambit Declined: 4 Bg5 Be7: Early deviations} exd5 {[%emt 0:00:30]} 7. Bd3 {[%emt 0:00:00]} O-O {[%emt 0:00:30]} (7... c6 8. Qc2 Nbd7 9. Nf3 O-O 10. h3 Re8 11. O-O-O Nf8 12. g4 Be6 13. Kb1 Rc8 14. Rhg1 b5 15. Ne2 Ne4 16. Bxe7 Qxe7 17. Nf4 c5 18. dxc5 Rxc5 19. Qe2 Ng6 20. Nh5 Rec8 21. Nd4 Ne5 {0-1 (39) Rajkovic,D (2486)-Miladinovic,I (2571) Kragujevac 2009}) 8. Qc2 {[%emt 0:00:30]} h6 {[%emt 0:00:00]} 9. Bh4 {[%emt 0:00:30]} Nbd7 {[%emt 0:03:00]} 10. Nge2 {[%emt 0:01:30]} c5 {[%emt 0:02:30]} 11. dxc5 {[%emt 0:01:30]} Nxc5 {[%emt 0:00:30]} 12. O-O {[%emt 0:00:30]} b5 $146 {[%emt 0:08:30]} ({Predecessor:} 12... Be6 13. Rfd1 Rc8 14. Nf4 Ncd7 15. Bg3 Qb6 16. Qd2 Bb4 17. a3 Bxc3 18. bxc3 {0-1 (18) Barrish,D (1678)-Gumpo,T (1944) Gauteng 2011}) 13. Rad1 {[%emt 0:10:00]} Nxd3 {[%emt 0:13:30]} 14. Bxf6 {[%emt 0:08:30]} Bxf6 {[%emt 0:04:30]} 15. Qxd3 {[%emt 0:01:30]} Bb7 {[%emt 0:37:30]} 16. b4 {[%emt 0:41:00]} Qe7 {[%emt 0:03:30]} 17. a3 {[%emt 0:03:30]} Rfd8 {[%emt 0:00:30]} 18. Nd4 {[%emt 0:00:30]} Rac8 {[%emt 0:03:30]} 19. Nce2 {[%emt 0:01:30]} Qe4 $11 {[%emt 0:08:30]} 20. Nb3 {[%emt 0:04:30]} Qxd3 {[%emt 0:22:30]} 21. Rxd3 {[%emt 0:00:00]} Rc2 {[%emt 0:00:30]} 22. Nc5 {[%emt 0:13:00]} Bc8 {[%emt 0:00:30]} 23. Nf4 {[%emt 0:01:30]} d4 {[%emt 0:05:58]} 24. e4 {[%emt 0:03:30]} Be7 {[%emt 0:02:37]} 25. Nb3 {[%emt 0:02:30]} Bb7 {[%emt 0:02:10]} 26. f3 {[%emt 0:01:30]} g5 {[%emt 0:01:33]} 27. Nh5 {[%emt 0:01:30]} Ra2 {[%emt 0:11:01]} 28. Ra1 {[%emt 0:08:30]} Rxa1+ {[%emt 0:00:43]} 29. Nxa1 {[%emt 0:01:30]} a5 {[%emt 0:00:36]} 30. Nc2 {[%emt 0:01:55]} axb4 {[%emt 0:00:59]} 31. axb4 {[%emt 0:00:07]} Rc8 {[%emt 0:00:45]} 32. Nxd4 {[%emt 0:00:39]} Rd8 {[%emt 0:00:42]} 33. Kf2 {[%emt 0:07:51]} Bxb4 {[%emt 0:00:01]} 34. Ke2 {[%emt 0:00:38]} Ba6 {[%emt 0:00:50]} 35. Nf6+ {[%emt 0:03:18]} Kh8 {[%emt 0:00:01]} 36. Nd5 {[%emt 0:01:31]} Bc5 {[%emt 0:00:08]} 37. Nc6 {[%emt 0:01:53]} Rd6 {[%emt 0:01:11]} 38. Ncb4 {[%emt 0:00:59]} Bc8 {[%emt 0:00:20]} 39. Rc3 {[%emt 0:00:18]} 1-0

[Event "World Junior U20 Open 2018"]
[Site "Gebze"]
[Date "2018.09.07"]
[Round "4.78"]
[White "Dedebas, Emre Emin"]
[Black "Cansun, Can Alp"]
[Result "1/2-1/2"]
[WhiteElo "2334"]
[BlackElo "2110"]
[Annotator "NA"]
[PlyCount "85"]
[EventDate "2018.09.05"]
[EventType "swiss"]
[EventCountry "TUR"]
[SourceTitle "playchess.com"]
[Source "ChessBase"]
[SourceQuality "1"]
[TimeControl "40/5400+30:1800+30"]

1. d4 Nf6 2. Nf3 e6 3. c4 b6 4. g3 Ba6 5. Qa4 c5 6. Bg2 Bb7 7. dxc5 bxc5 8. O-O Be7 9. Nc3 O-O 10. Rd1 d6 11. Bf4 Qb6 12. Rab1 Na6 13. a3 Bc6 14. Qc2 Rfd8 15. e4 Qb7 16. Ne1 {[%emt 0:38:00]} h6 {[%emt 0:30:00]} 17. Qe2 {[%emt 0:00:30]} e5 {[%emt 0:03:30]} 18. Bc1 {[%emt 0:06:30]} Qb3 {[%emt 0:02:30]} 19. Nc2 {[%emt 0:00:30]} Rab8 {[%emt 0:06:30]} 20. Ne3 {[%emt 0:07:30]} Nc7 {[%emt 0:05:30]} 21. Rd3 {[%emt 0:06:30]} Qb7 {[%emt 0:17:30]} 22. Nf5 {[%emt 0:01:30]} Ne6 {[%emt 0:01:30]} 23. Nd5 {[%emt 0:03:30]} Bxd5 {[%emt 0:00:30]} 24. exd5 {[%emt 0:05:30]} Nd4 {[%emt 0:02:30]} 25. Nxd4 {[%emt 0:00:30]} exd4 {[%emt 0:00:30]} 26. b4 {[%emt 0:06:30]} Re8 {[%emt 0:02:30]} 27. Rdb3 {[%emt 0:01:30]} Bf8 {[%emt 0:01:30]} 28. Qd1 {[%emt 0:01:30]} Qa6 {[%emt 0:03:30]} 29. Qf1 {[%emt 0:05:46]} Qa4 {[%emt 0:03:30]} 30. Bd2 {[%emt 0:01:45]} Nd7 {[%emt 0:03:30]} 31. Qd1 {[%emt 0:04:45]} Be7 {[%emt 0:04:31]} 32. Bf1 {[%emt 0:00:28]} Qa6 {[%emt 0:02:20]} 33. Bxh6 {[%emt 0:02:12]} Ne5 {[%emt 0:02:34]} 34. Bf4 {[%emt 0:03:22]} Ng6 {[%emt 0:00:59]} 35. Bd2 {[%emt 0:00:29]} Bf6 {[%emt 0:01:42]} 36. f4 {[%emt 0:00:37]} Ne7 {[%emt 0:01:21]} 37. Bd3 {[%emt 0:04:00]} Nxd5 {[%emt 0:07:07]} 38. b5 {[%emt 0:05:25]} Qa4 {[%emt 0:00:10]} 39. Qh5 {[%emt 0:00:02]} Ne3 {[%emt 0:00:30]} 40. Qh7+ {[%emt 0:00:30]} Kf8 {[%emt 0:00:00]} 41. Bxe3 {[%emt 0:17:23]} dxe3 {[%emt 0:00:16]} 42. Be2 {[%emt 0:00:24]} Bd4 {[%emt 0:05:30]} 43. Qf5 {[%emt 0:00:42]} 1/2-1/2

[Event "World Junior U20 Open 2018"]
[Site "Gebze"]
[Date "2018.09.07"]
[Round "4.79"]
[White "Sezdbekov, Ruslan"]
[Black "Zhu, Yi"]
[Result "1-0"]
[WhiteElo "2160"]
[BlackElo "2335"]
[Annotator "NA"]
[PlyCount "65"]
[EventDate "2018.09.05"]
[EventType "swiss"]
[EventCountry "TUR"]
[SourceTitle "playchess.com"]
[Source "ChessBase"]
[SourceQuality "1"]
[TimeControl "40/5400+30:1800+30"]

1. e4 {[%emt 0:00:30]} c5 {[%emt 0:00:30]} 2. Nf3 {[%emt 0:00:30]} e6 {[%emt 0:00:30]} 3. c3 {[%emt 0:00:00]} Nf6 {[%emt 0:01:30]} 4. e5 {[%emt 0:01:00]} Nd5 {[%emt 0:00:30]} 5. d4 {[%emt 0:00:30]} cxd4 {[%emt 0:01:30]} 6. cxd4 {[%emt 0:00:30]} d6 {[%emt 0:00:30]} 7. exd6 {[%emt 0:01:30]} Bxd6 {[%emt 0:00:30]} 8. Nc3 {[%emt 0:00:00]} O-O {[%emt 0:01:30]} 9. Bd3 {[%emt 0:01:00]} Nf4 {[%emt 0:00:30]} 10. Bxf4 {[%emt 0:00:30]} Bxf4 {[%emt 0:00:30]} 11. O-O {[%emt 0:00:30]} Nc6 {[%emt 0:01:30]} 12. Re1 {[%emt 0:01:30]} g6 {[%emt 0:02:30]} 13. Be4 {[%emt 0:02:30]} Ne7 {[%emt 0:11:30]} 14. Qb3 {[%emt 0:12:30]} Bh6 {[%emt 0:16:30]} 15. Rad1 {[%emt 0:03:30]} Bg7 {[%emt 0:03:30]} 16. Ne5 {[%emt 0:07:30]} a6 {[%emt 0:06:30]} 17. f4 {[%emt 0:07:30]} Qc7 {[%emt 0:19:30]} 18. Kh1 {[%emt 0:07:30]} Rb8 {[%emt 0:09:30]} 19. d5 {[%emt 0:13:30]} Rd8 {[%emt 0:07:51]} 20. Bf3 {[%emt 0:09:30]} b5 {[%emt 0:03:45]} 21. Qb4 {[%emt 0:05:30]} exd5 {[%emt 0:01:43]} 22. Bxd5 {[%emt 0:04:46]} Be6 {[%emt 0:02:46]} 23. Bxe6 {[%emt 0:01:45]} fxe6 {[%emt 0:00:05]} 24. Qb3 {[%emt 0:00:42]} Rb6 {[%emt 0:00:06]} 25. Rxd8+ {[%emt 0:03:47]} Qxd8 {[%emt 0:00:02]} 26. Rd1 {[%emt 0:00:22]} Qe8 {[%emt 0:00:11]} 27. Na4 {[%emt 0:02:17]} bxa4 {[%emt 0:02:03]} 28. Qxb6 {[%emt 0:00:30]} Nd5 {[%emt 0:00:03]} 29. Qd6 {[%emt 0:01:21]} Bf8 {[%emt 0:01:47]} 30. Qxa6 {[%emt 0:01:53]} Nxf4 {[%emt 0:00:07]} 31. Nd7 {[%emt 0:01:30]} Bg7 {[%emt 0:05:52]} 32. Qxa4 {[%emt 0:00:10]} Nh5 {[%emt 0:00:04]} 33. g4 {[%emt 0:01:19]} 1-0